00645nam a22002297a 450000500170000000800410001701000140005802000260007203500130009803500170011103700150012803700230014304000180016608200080018410000310019224500490022326000360027227000480030830000270035650000200038365000120040320090521145214.0080527s2009 waua 001 0 eng d aENG-93654 a9788120337084c395.00 aEN-77187 aB-361121-136 bDBAD / PUB bAsian Book Centre  adplbEnglish  a530 aKongbam Chandramani Singh  aBasic physicscby Kongbam Chandramani Singh  aNew Delhi bPHI Learning c2009 aM-97, Connaught Circus,bNew Delhi e110001 axix, 787p. c24cm(pbk) aIncludes index  aPhysics